000 00497nam a22001697a 4500
003 UA-OsUOA
001 8167
007 ta
008 20040817b un ||||| |||| 00| 0 ukr d
942 _cSA
040 _aUA-OsUOA
_cUA-OsUOA
_dUA-OsUOA
245 _aУ Рівненському зоопарку народилось немовля верблюда
300 _aС.8
955 _a0
773 0 _w0
_tВільне слово
_dРівне
_d2004
_g№59/11 серп./
650 7 _aЗоопарки
_2UDC
999 _c294328
_d294328